00638nam a22001817a 450000500170000001000150001702000260003203500130005803700130007108200160008410000240010024500800012426000450020427000570024930000310030650000560033765000630039320130606121118.0 aENG-107404 a9789381632475c700.00 aEN-90937 bDBAD/PUB a305.4095452 aSharma, Vijay Kumar aChanging face of rural woman in Himachal Himalayas /cby Vijay Kumar Sharma aNew DelhibSatyam Publishing Housec2013 aN-3/25, Mohan Garden, Uttam NagarbNew Delhie110059 ax, 188p. :c23cm(Hb)bill. aIncludes bibliographical references (p. [178]-188). a Rural women zIndiazHimachal PradeshxSocial conditions.